| 000 | 01550nam a2200445 a 4500 | ||
|---|---|---|---|
| 005 | 20180803164929.0 | ||
| 008 | 140121b1998 ck ||||| |||| 00| 0 spa d | ||
| 041 | _aspa | ||
| 044 | _ack | ||
| 090 |
_aIAvH _b00089 |
||
| 100 |
_aGast, Fernando _94240 |
||
| 245 |
_aCaracterización de la biodiversidad en áreas prioritarias de la vertiente oriental de la cordillera Oriental _bcordillera Los Picachos, cuenca alta del río Pato, Caquetá |
||
| 260 |
_aVilla de Leyva (Boyacá) _bInstituto Alexander von Humboldt _c1998 |
||
| 300 | _a47p. | ||
| 650 |
_aCaracterización biológica _92833 |
||
| 650 |
_aBiodiversidad _992204 |
||
| 650 |
_aAreas prioritarias de conservación _9714 |
||
| 650 |
_aClima _927556 |
||
| 650 |
_aGeomorfología _927557 |
||
| 650 |
_aVegetación _927558 |
||
| 650 |
_aAves _927559 |
||
| 650 |
_aMamíferos _927560 |
||
| 650 |
_aEscarabajos coprófagos _94177 |
||
| 650 |
_aLepidoptera _94329 |
||
| 650 |
_aHormigas _927561 |
||
| 650 |
_aArañas _94330 |
||
| 662 |
_aColombia _cRío Pato _bCaquetá |
||
| 700 |
_aEscobar Sarria, Federico _93531 |
||
| 700 |
_aMuñoz Saba, Yaneth _94274 |
||
| 700 |
_aBentancourt, Julio _94331 |
||
| 700 |
_aFernández Castiblanco, Fernando _94332 |
||
| 700 |
_aRodríguez, Valeria _94333 |
||
| 700 |
_aArdila Robayo, María Cristina _94334 |
||
| 700 |
_aRepizzo, Augusto _94235 |
||
| 700 |
_aAlvarez R., Mauricio _94175 |
||
| 700 |
_aVillarreal Leal, Hector Fernando _94237 |
||
| 700 |
_aBohorquez, Clara _94335 |
||
| 700 |
_aFagua, Giovanny _94336 |
||
| 942 |
_cINFORME _04 _2z |
||
| 999 |
_c1721 _d1721 |
||